000
00317nam a22001337a 4500
008
190304b xxu||||| |||| 00| 0 eng d
020
_a
9780071703543
041
_a
eng
080
_2
8th
_a
615
100
_a
5
101
_a
FAR
245
_a
Pharmacotherapy a pathophysiology approach
_c
Dipiro,J.T
942
_2
udc
_c
BK
999
_c
54387
_d
54387